Historia de la revolución alemana. 1848-1849. (Record no. 182231)

MARC details
000 -LEADER
campo de control de longitud fija 00498nam a2200145 i 4500
001 - NÚMERO DE CONTROL
campo de control 182231
003 - IDENTIFICADOR DE NÚMERO DE CONTROL
campo de control ES-MaACL
005 - FECHA Y HORA DE LA ÚLTIMA TRANSACCIÓN
campo de control 20230906221548.0
008 - DATOS DE LONGITUD FIJA--INFORMACIÓN GENERAL
campo de control de longitud fija 130722s1849 sp |||| | spa d
245 00 - MENCIÓN DEL TÍTULO
Título Historia de la revolución alemana. 1848-1849.
260 ## - PUBLICACIÓN, DISTRIBUCIÓN, ETC.
Lugar de publicación, distribución, etc. Madrid :
Nombre del editor, distribuidor, etc. Edición de la Biblioteca del Siglo,
Fecha de publicación, distribución, etc. 1849 (
Fabricante Impr. de la Biblioteca del Siglo)
300 ## - DESCRIPCIÓN FÍSICA
Extensión 243 p. ;
Dimensiones 16 cm.
651 #4 - PUNTO DE ACCESO ADICIONAL DE MATERIA--NOMBRE GEOGRÁFICO
Nombre geográfico Alemania-
Subdivisión general Historia-
Subdivisión cronológica 1848-1870.
9 (RLIN) 153061
852 ## - LOCALIZACIÓN
Ubicación ES-MaACL
Número de control de estantería T-1306-F-3
Nota libre .- Donativo Bosch
Holdings
Estatus retirado Estado de pérdida Estado de daño No para préstamo Colección Biblioteca de origen Biblioteca actual Ubicación en estantería Fecha de adquisición Fuente de adquisición Total de préstamos Signatura topográfica completa Código de barras Visto por última vez Precio de reemplazo Tipo de ítem Koha
        Colección de folletos Biblioteca del Ateneo de Madrid Biblioteca del Ateneo de Madrid Depósito folletos 22/07/2013     T-1306-F-3 1191506 23/02/2023 23/02/2023 Folleto